1796 1306 1925 1991 1792 1663 1864 1636 1342 1367 1586 1318 1008 1130 1114 1188 1337 1603 1263 1381 1095 1396 1258 1729 1786 1473 1070 1911 1842 1428 1770 1867 1112 1367 1062 1431 1793 1116 1858 1653 1940 1016 1917 1089 1969 1715 1134 1844 1050 1622 1960 1270 1880 1805 1230 1381 1582 1181 1324 1256 1789 1029 1552 1170 1084 1716 1845 1797 1372 1461 1057 1774 1239 1138 1225 1855 1366 1938 1757 1520 1900 1885 1221 1469 1282 1196 1773 1981 1925 1575 1514 1164 1314 1798 1209 1913 1553 1853 1479 BCNSPRNW ULIB Ver.6.0+V

เปลี่ยนเป็นภาษาไทย

Change to English
 แสดงรายละเอียดบรรณานุกรม
  กลับหน้าหลัก

Brief Record : Get Marc (ISO 2709) : E-mail record : QR code < ปิดหน้าต่าง
LEADER : 00000nam 2200000uu 4500
001    13399110163
003     ULIB
008    110425s2548||||th 000 0 tha d
020    9789742986896
060 04 QS4^bจ276ส 2548
245 00 กายวิภาคศาสตร์ = ^bessential atlas of anatomy /^c[จินตนา เวชสวัสด์, แปล ; วิริยะ สิริสิงห, บรรณาธิการ]
246 31 Essential atlas of anatomy
250    พิมพ์ครั้งที่ 1
260    กรุงเทพฯ :^bสุวีริยาสาส์น,^c2548
300    96 หน้า. :^bภาพประกอบสี ;^c31 ซม.
650  7 กายวิภาคศาสตร์
650  7 กายวิภาคศาสตร์มนุษย์
700 0  จินตนา เวชสวัสดิ์,^eผู้แปล
700 0  วิริยะ สิริสิงห,^eบรรณาธิการ
945    ^p300^l0^i14956
945    ^p300^l0^i14955
945    ^p300^l0^i14951
945    ^p300^l0^i14952
945    ^p300^l0^i14954
945    ^p300^l0^i14958
945    ^p300^l0^i14957
995    กัณชพร
999    ^aใช้งานได้ทุกระบบ
รายการนี้ยังไม่มีแท็ก
คุณยังไม่ได้ล็อกอิน คุณสามารถมีกิจกรรมร่วมกับเว็บไซต์ได้ แต่ต้องล็อกอินก่อน ::
  ล็อกอิน

รายการสื่อสารสนเทศ

ลำดับที่ ประเภท เลขเรียก/บาร์โค้ด สถานที่ สถานะ
1. วิทยาศาสตร์การแพทย์ และสุขภาพ
วิทยาศาสตร์การแพทย์ และสุขภาพ
QS4 จ276ส 2548 ฉ.2 
  Barcode: 14954
ห้องสมุดวิทยาเขตสวรรค์ประชารักษ์
►ส่วนจัดเก็บหนังสือเก่า สปร
บนชั้น
  ขอยืม

รายการใกล้เคียง
    หัวเรื่อง [กายวิภาคศาสตร์]
    หัวเรื่อง [กายวิภาคศาสตร์มนุษย์]

BibComment


ยังไม่เคยถูกคอมเมนท์

คอมเมนท์ทรัพยากรรายการนี้
  คอมเมนท์: กายวิภาคศาสตร์ ..


 Copyright 2026. Bcnsprnw @Library